Estatísticas para Cultura Geral

Clique aqui para jogar o quiz

Estatísticas Gerais

  • Esse quiz foi jogado 20 vezes
  • A pontuação média é 6 de 15

Estatísticas das Respostas

HintResposta% Correto
Qual é o maior país da América do Sul?Brasil
89%
Que data de anos celebra a Quinceañera?15
67%
Em que país fica Baviera?Alemanha
67%
Qual é a capital da Singapura?Singapura
67%
Que tipo de vestido islâmico cobre todo o corpo de uma mulher, incluindo malha sobre os olhos?Burca
56%
Qual foi o primeiro país a celebrar a Quinceañera?México
56%
Em que ano Cristovão Colombo fez a sua primeira viagem?1492
44%
A que país pertence a festa Maslenitsa?Rússia
33%
Que tipo de língua é considerado o latim?Morta
28%
De que atividade vêm os termos "pointe" e "grand jeté"?Ballet
22%
O que significa o C no programa de TV CSI?Crime
22%
Em que cadeia de ilhas Colombo parou a caminho do Novo Mundo?Canárias
17%
Que flor, associada ao estado do Kansas, pode atingir mais de 6 metros de altura?Girassol
11%
Que nome se dá a um conjunto de representantes de uma comunidade que possuem poderes de legislação?Assembleia
6%
Além da safira, que pedra preciosa é uma variedade de um mineral corindo?Ruby
0%

Distribuição das Pontuações

Percentil de Números Respondidos

Porcentagem de Pessoas com Cada Pontuação

Sua Pontuação Histórica

Você não jogou esse quiz